| 000 | 00838nam a2200229 a 4500 | ||
|---|---|---|---|
| 001 | 41002 | ||
| 003 | BD-RjUL | ||
| 005 | 20211209053318.0 | ||
| 008 | 160514b ii ||||| |||| 00| f ben d | ||
| 020 | _cIRs. 2.00 | ||
| 035 | _a(BD-RjUL)41118 | ||
| 040 |
_aBD-RjUL _bben _cBD-RjUL _dBD-RjUL |
||
| 041 | _aben | ||
| 082 |
_223 _a891.443 _bCHG |
||
| 100 |
_aচৌধুরী, শ্রীবিশ্বপতি _9126179 |
||
| 245 | 1 | 0 |
_aঘরের ডাক / _cশ্রীবিশ্বপতি চৌধুরী |
| 260 |
_aকলিকাতা : _bগুরুদাস চট্টোপাধ্যায় এন্ড সন্স, _c[?] |
||
| 300 |
_a[৪], ১৮০ পৃ. ; _c১৬ সেমি. |
||
| 650 |
_aবাংলা উপন্যাস _9126180 |
||
| 650 |
_aBengali Fiction _9126181 |
||
| 942 |
_2ddc _cBK |
||
| 999 |
_c41002 _d41002 |
||